000 00756nam a22002417a 4500
001 81535
003 UA-OsUOA
005 20220501150822.0
007 ta
008 20120202b un ||||| |||| 00| 0 ukr d
020 _a978-966-8518-79-9
040 _aUA-OsUOA
_brus
_cUA-OsUOA
_dUA-OsUOA
041 _arus
080 _a82.09(470+571)
090 _a82.09(470+571)
_bК84
100 _aКрутикова Н. Е.
245 _aУрбанистическая проблема в художественной прозе Гоголя
_bочерки
260 _aК.
_bСтилос
_c2007
300 _a88 с.
650 7 _a82.09 Літературна критика. Літературні дослідження
_2UDC
942 _cBK
_2udc
955 _a2
999 _c367852
_d367852